The industrial geography of Israel / (Record no. 8530)

MARC details
000 -LEADER
fixed length control field 00904nac a22002411u 4500
010 ## - LIBRARY OF CONGRESS CONTROL NUMBER
LC control number 92037810
020 ## - INTERNATIONAL STANDARD BOOK NUMBER
International Standard Book Number 0415021561 :
082 00 - DEWEY DECIMAL CLASSIFICATION NUMBER
Classification number 338.6042095
Item number GRA
090 ## - LOCALLY ASSIGNED LC-TYPE CALL NUMBER (OCLC); LOCAL CALL NUMBER (OCLC)
-- 8530
-- 8530
100 ## - MAIN ENTRY--PERSONAL NAME
Personal name Gradus, Y.,
245 14 - TITLE STATEMENT
Title The industrial geography of Israel /
Statement of responsibility, etc Yehuda Gradus, Eran Razin and Shaul Krakover.
260 ## - PUBLICATION, DISTRIBUTION, ETC. (IMPRINT)
Place of publication, distribution, etc London ;
-- New York :
Name of publisher, distributor, etc Routledge,1993
Date of publication, distribution, etc 1993.
300 ## - PHYSICAL DESCRIPTION
Extent xiv, 255 p. :
Other physical details ill., maps ;
Dimensions 22 cm.
500 ## - GENERAL NOTE
General note Distributer: Al-Ahram
504 ## - BIBLIOGRAPHY, ETC. NOTE
Bibliography, etc Includes bibliographical references (p. 235-250) and index.
511 ## - PARTICIPANT OR PERFORMER NOTE
Participant or performer note Catalogued by: Sara
650 #0 - SUBJECT ADDED ENTRY--TOPICAL TERM
Topical term or geographic name as entry element Industrial location
Geographic subdivision Israel.
650 #0 - SUBJECT ADDED ENTRY--TOPICAL TERM
Topical term or geographic name as entry element Industrial policy
Geographic subdivision Israel.
700 1# - ADDED ENTRY--PERSONAL NAME
Personal name Razin, Eran.
700 1# - ADDED ENTRY--PERSONAL NAME
Personal name Krakover, Shaul,
Dates associated with a name 1947-
856 42 - ELECTRONIC LOCATION AND ACCESS
Materials specified Publisher description
Uniform Resource Identifier <a href="http://www.loc.gov/catdir/enhancements/fy0648/92037810-d.html">http://www.loc.gov/catdir/enhancements/fy0648/92037810-d.html</a>
942 ## - ADDED ENTRY ELEMENTS (KOHA)
Item type Book - Borrowing
Call number prefix 338.6042095GRA
Holdings
Withdrawn status Item status Damaged status Not for loan Home library Current library Shelving location Date acquired Source of acquisition Total Checkouts Full call number Barcode Date last seen Koha item type
        Central Library Central Library First floor 08/03/2012 Purchase   338.6042095GRA 000010347 15/07/2025 Book - Borrowing